[Event "Lidums Checkmate Op"]
[Site "Adelaide"]
[Date "2007.07.07"]
[Round "4.20"]
[White "Milton, Anthony W"]
[Black "Rigo, Bernard"]
[Result "0-1"]
[Annotator "Fritz 10"]
[BlackElo "1827"]
[EventCountry "AUS"]
[EventDate "2007.07.07"]
[EventRounds "7"]
[EventType "swiss"]
[PlyCount "69"]
[WhiteElo "1466"]

{ D32: Tarrasch Defence: Sidelines and lines without g3 } 1. d4 d5 2. c4 e6 3.
Nc3 c5 4. Nf3 Nc6 5. e3 Nf6 6. cxd5 exd5 7. Be2 Be7 8. O-O O-O 9. a3 c4 ( 9...
Re8 10. dxc5 Bxc5 11. b4 Bd6 12. Bb2 Be6 13. Rc1 Rc8 14. Nb5 Bb8 15. Re1 Ne4
16. Nbd4 Bg4 17. Nxc6 bxc6 18. h3 Bxf3 19. Bxf3 Qd6 20. g3 Qg6 21. Bxe4 Qxe4 {
1/2-1/2 Teixeira,W  ( 2096 ) -De Freitas,J  ( 2030 ) /Vitoria 2006/CBM 114 ext}
 )10. b3 cxb3 11. Qxb3 Na5 12. Qc2 $146 ( 12. Qa2 Bf5 13. Bd2 Rc8 14. Ne5 Bd6
15. Rac1 Nc4 16. Bxc4 dxc4 17. Nb5 Bxe5 18. dxe5 Ng4 19. Bb4 Qh4 20. h3 Nxe5
21. Bd6 Nf3+ 22. gxf3 Bxh3 23. Bg3 Qh5 24. Nd4 Rc6 25. Qe2 Bxf1 26. Qxf1 Rh6 {
Worek,J  ( 2251 ) -Maszota,N  ( 2003 ) /Laczna 2002/CBM 089 ext/0-1  ( 48 )} 
)12... Bg4 13. Ne5 Bxe2 14. Qxe2 Rc8 { Black threatens to win material: Rc8xc3}
 15. Bb2 Re8 16. Rfd1 a6 { Secures b5}  17. f3 { Prevents intrusion on e4+g4} 
( 17. a4 Bb4 18. Rac1 Nb3 $15 )17... Bd6 18. e4 $2 ( 18. Rab1 b5 $17 )18... Bb8
( 18... Nb3 19. Nxf7 Kxf7 20. Rab1 $19 )19. Qf2 $2 ( 19. Rab1 $15 $142 { would
keep White alive} )19... Ba7 $19 20. Kh1 $4 { White has lost his nerve...
understandable when you consider his position}  ( 20. f4 $142 dxe4 21. Kh1 $19
)20... Rxe5 $1 { Deflection: d4}  21. dxe5 ( 21. Rab1 $19 { is still a small
chance} )21... Bxf2 22. exf6 Qxf6 ( 22... d4 $5 { might be the shorter path} 
23. Nd5 Rc5 24. Rf1 $19 )23. Nxd5 Qe6 24. e5 ( 24. Nc7 { doesn't improve
anything}  24... Qe7 25. Nd5 Qe8 $19 )24... h5 25. f4 Kh7 26. f5 Qh6 ( 26...
Qxf5 { makes it even easier for Black}  27. Ne7 Qe6 28. Nxc8 Qxc8 29. Rac1 $19
)27. f6 ( 27. Bc1 { doesn't get the bull off the ice}  27... Qc6 28. Bf4 Bh4
$19 )27... Nc6 ( 27... Rc2 $5 $142 { seems even better}  28. e6 fxe6 29. f7 $19
)28. Rab1 ( 28. fxg7 { doesn't get the cat off the tree}  28... Bh4 29. Nf6+
Kxg7 30. Rf1 Bxf6 31. exf6+ Kh7 32. Rae1 $19 )28... Rc7 ( 28... Qg5 $142 { and
Black takes home the point}  29. Rbc1 Rd8 30. fxg7 Bd4 31. Bxd4 Rxd5 32. g8=Q+
Kxg8 $19 )29. fxg7 $4 { forfeits the advantage}  ( 29. Nxc7 h4 30. Rd3 gxf6 $16
)29... Qxg7 ( 29... Rc8 $19 $142 { makes sure everything is clear} )30. Nf6+ (
30. Nxc7 Nxe5 31. Ne8 Qg5 $16 )30... Kh6 $14 31. Rd6 $4 { releasing the
pressure on the opponent}  ( 31. Ne8 $142 Qg4 32. Nxc7 $14 )31... Kg5 $4 {
gives the opponent counterplay}  ( 31... Bc5 $142 32. Rd3 Qg6 33. Bc1+ Be3 34.
Bxe3+ Kg7 $17 )32. Rd5 $4 { simply marches past the door to victory}  ( 32.
Ne4+ { makes it even easier for White}  32... Kf5 33. Nxf2 Nd8 34. Rf6+ Qxf6
35. exf6 Rc2 $18 )32... Kf5 ( 32... Ne7 $142 { and Black wins}  33. Ne4+ Kf4
$19 )33. e6+ $4 { there were better ways to keep up the pressure}  ( 33. Rf1
$142 { finishes off the opponent}  33... Ne7 34. Rxf2+ Kg6 35. Rd6 $18 )33...
Kxe6 $11 34. Re5+ $4 { an unfortunate move that relinquishes the win}  ( 34.
Ne8 $142 { had to be tried to avoid defeat}  34... Qg4 35. Nxc7+ Ke7 36. Rbd1
$14 )34... Kxf6 ( 34... Nxe5 $142 { and Black has reached his goal}  35. Ne8
Qh7 36. Nxc7+ Kd7 $19 )35. Re2+  0-1

[Event "Lidums Checkmate Op"]
[Site "Adelaide"]
[Date "2007.07.07"]
[Round "4.21"]
[White "Zulfic, Fedja"]
[Black "Ajith, Chol Solomon"]
[Result "0-1"]
[Annotator "Fritz 10"]
[BlackElo "1430"]
[EventCountry "AUS"]
[EventDate "2007.07.07"]
[EventRounds "7"]
[EventType "swiss"]
[PlyCount "42"]
[WhiteElo "1809"]

{ D04: Colle System } 1. d4 d5 2. Nf3 Nf6 3. e3 Bg4 4. c4 e6 5. Nc3 Bd6 ( 5...
Nbd7 6. h3 Bh5 7. Be2 c6 8. cxd5 exd5 9. b3 Bb4 10. Bd2 Qe7 11. O-O O-O 12. Na4
Bd6 13. Nh4 Bxe2 14. Qxe2 g6 15. Nf3 Ne4 16. Rab1 f5 17. b4 Nb6 18. Nc5 Nc4 19.
Rb3 Rac8 20. Bc1 { Kagan,N  ( 2395 ) -Toh,T  ( 2315 ) /Genting 1995/CBM 047
ext/1/2-1/2  ( 54 )}  )( 5... Be7 6. Qb3 b6 7. Ne5 c6 8. cxd5 exd5 9. Nxg4 Nxg4
10. Be2 Nf6 11. O-O O-O 12. Bf3 Bd6 13. Qc2 Re8 14. g3 Nbd7 15. Bd2 Rc8 16.
Rae1 Nf8 17. Bg2 Qd7 18. e4 dxe4 19. Nxe4 Be7 20. Bc3 { Medic,M  ( 2239 )
-Geldyeva,M  ( 2274 ) /Turin 2006/CBM 112 ext/0-1  ( 63 )}  )6. Qb3 { White
threatens to win material: Qb3xb7}  6... Bxf3 $146 ( 6... b6 7. Ne5 c6 8. Nxg4
Nxg4 9. cxd5 cxd5 10. Bb5+ Nd7 11. f3 Nf6 12. e4 dxe4 13. fxe4 e5 14. d5 O-O
15. Bc6 Rc8 16. Bg5 Nc5 17. Qc4 Be7 18. Rd1 a6 19. b4 b5 20. Qe2 Na4 21. Nxa4 {
Stroessner,L  ( 1344 ) -Gordeeva,V  ( 1346 ) /Kranenburg 2005/CBM 105 ext/1-0 
( 39 )}  )( 6... b6 $5 $14)7. Qxb7 $16 Bxg2 ( 7... Nbd7 8. gxf3 dxc4 9. Rg1 $14
)8. Bxg2 Nbd7 9. cxd5 Rb8 10. Qxa7 exd5 11. Nxd5 Nxd5 12. Bxd5 O-O 13. Qa6 Bb4+
14. Kf1 Qg5 ( 14... Ne5 15. Be4 ( 15. dxe5 Qxd5 16. Rg1 Qd1+ 17. Kg2 Qg4+ 18.
Kf1 Qh3+ 19. Ke2 Qh5+ 20. Kf1 Rfd8 $19 )15... c5 16. a3 $16 ( 16. dxe5 { is no
comparison}  16... Qd1+ 17. Kg2 Qg4+ 18. Kf1 Qxe4 $19 ))15. Bg2 Rb6 16. Qd3 Rg6
( 16... c5 17. a3 Ba5 18. Rg1 $18 )17. Rg1 ( 17. Be4 $5 Qh5 18. h4 Re6 $18
)17... Nf6 18. h3 $4 { letting the wind out of his own sails}  ( 18. e4 Qh4 19.
Qh3 Qxh3 20. Bxh3 Nxe4 21. Rxg6 hxg6 $18 )18... Nh5 $4 { with this move Black
loses his initiative}  ( 18... Ne4 $1 $142 { was a good chance to save the
game}  19. Qe2 Qf5 20. Bxe4 Qxh3+ 21. Bg2 Rxg2 22. Rxg2 Qh1+ 23. Rg1 Qh3+ 24.
Rg2 Qh1+ 25. Rg1 Qh3+ 26. Rg2 $11 )19. e4 $18 Qf6 20. e5 $4 { what a pity,
victory was in sight}  ( 20. Bf3 $142 { the advantage is on the side of White} 
20... Qh4 21. Rxg6 hxg6 22. Bg2 $18 )20... Ng3+ 21. Qxg3 Qa6+ ( 21... Qa6+ 22.
Qd3 Qxd3# ) 0-1

[Event "Lidums Checkmate Op"]
[Site "Adelaide"]
[Date "2007.07.07"]
[Round "4.22"]
[White "Cloudsdale, Colin"]
[Black "Cooke, Tristrom P"]
[Result "1-0"]
[Annotator "Fritz 10"]
[BlackElo "1549"]
[EventCountry "AUS"]
[EventDate "2007.07.07"]
[EventRounds "7"]
[EventType "swiss"]
[PlyCount "45"]
[WhiteElo "1929"]

{ C34: King's Gambit Accepted: 3 Nf3: 3...Nf6 and 3...d6 } 1. e4 e5 2. f4 exf4
3. Nf3 d6 4. Bc4 Be6 5. Qe2 Bxc4 ( 5... c6 6. d4 Bxc4 7. Qxc4 Nf6 8. Nc3 Nxe4
9. Nxe4 d5 10. Qe2 dxe4 11. Qxe4+ Qe7 12. Qxe7+ Bxe7 13. Bxf4 Nd7 14. O-O-O O-O
15. Rhe1 Rfe8 16. d5 cxd5 17. Rxd5 Nf8 18. c3 a6 19. Kc2 Ne6 20. Be3 {
Westerinen,H  ( 2382 ) -Gunnarsson,J  ( 2411 ) /Gentofte 1999/CBM 073/1-0  ( 57
)}  )( 5... Be7 6. d4 Bxc4 7. Qxc4 Nf6 8. Nc3 O-O 9. O-O c6 10. Qb3 Qb6 11.
Bxf4 Nbd7 12. Qa3 Rfe8 13. Qb3 c5 14. Qxb6 Nxb6 15. e5 dxe5 16. Bxe5 Nc4 17.
Nb5 Nd5 18. b3 Nxe5 19. dxe5 a6 20. Nd6 { Grosar,V  ( 1931 ) -Valic,J  ( 1938 )
/Nova Gorica 2006/CBM 110 ext/1-0}  )6. Qxc4 Nd7 7. d4 Nb6 { Black threatens to
win material: Nb6xc4}  8. Qd3 $146 { Black king safety improved}  ( 8. Qb3 Qe7
9. Nc3 O-O-O 10. Bxf4 h6 11. h4 Qe6 12. Qxe6+ fxe6 13. O-O-O Be7 14. e5 d5 15.
g4 Bb4 16. Ne2 Nc4 17. g5 Rf8 18. gxh6 Nxh6 19. Ng5 Kd7 20. c3 Be7 21. Rdf1 Nf5
22. Bg3 Nxg3 { Neumair,C  ( 1330 ) -Strathoff,J  ( 2028 ) /Olpe 2005/CBM 108
ext/0-1  ( 60 )}  )8... Qe7 ( 8... g5 9. Qb5+ c6 10. Qxg5 Qxg5 11. Nxg5 $14 )9.
O-O { White castles and improves king safety}  9... O-O-O 10. a4 d5 11. e5 {
This push gains space}  11... g5 $2 ( 11... Nc4 $5 $14 $142)12. Qf5+ $18 Nd7
13. Nxg5 Nh6 14. Qxf4 Bg7 15. Nc3 c6 ( 15... Nf8 $18)16. Be3 $4 { allows the
opponent back into the game}  ( 16. Nxf7 { and White can already relax}  16...
Rdf8 17. Nd6+ Kc7 $18 )16... Rde8 $2 ( 16... f6 17. exf6 Qxf6 18. Qxf6 Bxf6 19.
Rad1 $16 )17. Rae1 $4 { throwing away the advantage}  ( 17. Nxf7 Rhf8 18. Nd6+
( 18. Nxh6 $4 { capturing the knight is not a good idea}  18... Rxf4 19. Bxf4
Qe6 $19 )18... Qxd6 19. exd6 Rxf4 20. Bxf4 ( 20. Rxf4 $143 Rxe3 21. Raf1 Re6
$15 )20... Bxd4+ 21. Kh1 $18 )17... f6 $14 18. exf6 Bxf6 ( 18... Qxf6 19. Qxf6
Bxf6 20. Nf3 $14 )19. Nf3 ( 19. Bd2 Bxg5 20. Qxg5 Qxg5 21. Rxe8+ Rxe8 22. Bxg5
Ng8 $16 )19... Bg7 20. Bf2 Qf6 21. Bg3 Qxf4 22. Bxf4 { White has an active
position}  22... Bf8 $4 { another step towards the grave}  ( 22... Rhf8 $142
23. Re2 Nf5 $16 )23. Rxe8#  1-0

[Event "Lidums Checkmate Op"]
[Site "Adelaide"]
[Date "2007.07.07"]
[Round "4.23"]
[White "Dizdarevic, Mehmedalija"]
[Black "Huynh, Arthur"]
[Result "1-0"]
[Annotator "Fritz 10"]
[BlackElo "1833"]
[EventCountry "AUS"]
[EventDate "2007.07.07"]
[EventRounds "7"]
[EventType "swiss"]
[PlyCount "53"]
[WhiteElo "1956"]

{ C10: French with 3 Nc3: Unusual Black 3rd moves and 3...dxe4 } 1. e4 e6 2. d4
d5 3. Nc3 Be7 4. e5 Nh6 $146 ( 4... c5 5. Qg4 g6 ( 5... Kf8 6. Nf3 h5 7. Qf4
Nh6 8. dxc5 Bxc5 9. Bd3 Kg8 10. O-O Nc6 11. a3 a5 12. Nb5 Ne7 13. Nbd4 Ng6 14.
Bxg6 fxg6 15. c3 Kh7 16. Ng5+ Kg8 17. Ngxe6 Qe7 18. Nxc5 Qxc5 19. e6 Ra6 20.
Re1 { Schumacher,H  ( 2119 ) -Andreas,G/Lignano Sabbiadoro 2005/CBM 108 ext/1-0
 ( 31 )}  )6. dxc5 ( 6. Nf3 h5 7. Qg3 Nh6 8. Bxh6 Rxh6 9. dxc5 Na6 10. Bxa6
bxa6 11. Qf4 g5 12. Qd4 Qc7 13. Qe3 Rg6 14. O-O g4 15. Nd4 Bxc5 16. Nce2 Be7
17. f4 Bd7 18. c3 Bb5 19. Nxb5 axb5 20. b4 Rc8 { Vasiukov,E  ( 2505 )
-Becking,F/St Ingbert 1994/GER/1/2-1/2  ( 43 )}  )6... Nc6 7. Nf3 h5 ( 7...
Bxc5 8. a3 ( 8. Bd3 a6 9. h4 h6 10. Rh3 Nge7 11. Qf4 Nf5 12. g4 Ng7 13. Bd2 Qe7
14. h5 g5 15. Qg3 Bd7 16. Nxg5 hxg5 17. h6 O-O-O 18. hxg7 Rhg8 19. O-O-O Rxg7
20. Rh6 Bd4 21. Re1 Qc5 22. Nd1 Nb4 { Jacobs,B  ( 2340 ) -Karlsson,L  ( 2485 )
/Gausdal 1991/TD/0-1  ( 42 )}  ) 8... f5 9. Qg3 Nge7 10. h4 Qb6 11. Bd3 f4 12.
Bxf4 Qxb2 13. O-O Qxc3 14. Bd2 Qxa1 15. Rxa1 Bd7 16. Bh6 Rg8 17. Ng5 Nf5 18.
Bxf5 gxf5 19. Qf4 O-O-O 20. Nf7 Rg4 21. Qd2 Nd4 22. Qd1 { Schmidt Schaeffer,S 
( 2405 ) -Paehtz,T  ( 2475 ) /Vienna 1996/CBM 053 ext/0-1  ( 36 )}  )8. Qf4 Nh6
9. Bd2 Nf5 10. Bd3 Nh4 11. Nxh4 Bxh4 12. Nb5 O-O 13. O-O-O Be7 14. Rhe1 Bxc5
15. Qh6 Qe8 16. Nc7 { 1-0 Fatalibekova,E  ( 2285 ) -Kellner,N  ( 2000 )
/Tbilisi 1976/MCD}  )( 4... h5 5. Be3 $16 )5. Bxh6 gxh6 6. Qg4 c5 7. Nf3 {
Black has a cramped position}  ( 7. dxc5 Rf8 $16 )7... Nc6 8. Qg7 { White
threatens to win material: Qg7xh8}  8... Rf8 { Black has a cramped position} 
9. O-O-O { White has a king attack}  ( { Less advisable is } 9. Qxh7 cxd4 10.
Nb5 Qa5+ 11. Nd2 Nxe5 12. Nxd4 Bd7 $17 )( { Instead of } 9. Qxh6 Nxd4 10. Nxd4
cxd4 $11 )9... Bd7 { Black has a cramped position}  10. Kb1 ( { Worse is } 10.
Qxh6 cxd4 11. Nb5 Nxe5 $15 )10... cxd4 11. Nxd4 ( 11. Nb5 $5 $16)11... Nxd4 $11
12. Rxd4 { White has a king attack}  12... Qb6 { Black threatens to win
material: Qb6xd4}  13. Rf4 Ba3 ( 13... O-O-O $5 $14)14. Nd1 $16 a5 ( 14... Bb4
15. Rh4 Bd2 16. f4 $16 )15. Rf3 Bc5 16. Qxh7 ( 16. Rf6 a4 $16 )16... a4 ( 16...
Qc7 $5 $14 { should be investigated more closely} )17. Qxh6 d4 ( 17... Qc7 18.
Qf4 $16 )18. Qf4 ( 18. a3 Qc7 19. Qh5 b5 $16 )18... Bc6 19. Rg3 Bd5 ( 19... a3
20. b3 $16 )20. Bd3 a3 21. b3 Ra4 $4 { Black crumbles in face of a dire
situation}  ( 21... O-O-O $18 $142)22. Qd2 ( 22. h4 $5 $142 { keeps an even
firmer grip}  22... Kd7 $18 )22... Rb4 23. h4 Qa5 ( 23... Qc7 { cannot change
what is in store for ?}  24. Qg5 Qe7 25. h5 Qxg5 26. Rxg5 $18 )24. Qe2 ( 24.
Qg5 $142 { keeps an even firmer grip}  24... f5 25. exf6 Bd6 $18 )24... Rb6 (
24... Rh8 $18 { there is nothing better in the position} )25. h5 Bb4 ( 25...
Qa8 $18 { the only chance to get some counterplay} )26. h6 Bd2 ( 26... Kd7 {
otherwise it's curtains at once}  27. h7 Rc6 $18 )27. Be4 ( 27. Be4 Bf4 28. Rg4
Bxe4 29. Rxf4 $18 ( 29. Qxe4 $143 Bxe5 30. Qd3 Bh8 $18 )) 1-0

[Event "Lidums Checkmate Op"]
[Site "Adelaide"]
[Date "2007.07.07"]
[Round "4.24"]
[White "Gibbs, Glen B"]
[Black "Voon, Richard"]
[Result "0-1"]
[Annotator "Fritz 10"]
[BlackElo "1903"]
[EventCountry "AUS"]
[EventDate "2007.07.07"]
[EventRounds "7"]
[EventType "swiss"]
[PlyCount "160"]
[WhiteElo "1800"]

{ D66: Queen's Gambit Declined: Classical: Main Line  ( 7 Rc1 c6 8 Bd3 ) } 1. d4
Nf6 2. Nf3 d5 3. c4 e6 4. Bg5 h6 5. Bh4 Be7 6. Nc3 Nbd7 7. e3 O-O 8. Rc1 c6 9.
Bd3 dxc4 10. Bxc4 b5 11. Bd3 a6 12. O-O c5 13. e4 $146 ( 13. Bb1 Bb7 14. Qe2
Qb6 ( 14... Rc8 15. e4 b4 16. Na4 Bc6 17. e5 Bxa4 18. exf6 Bxf6 19. Qxa6 Bc6
20. Qd3 g6 21. Bxf6 Qxf6 22. dxc5 Qxb2 23. Nd4 Ne5 24. Qe3 Ng4 25. Qf4 e5 26.
Qxg4 Qxd4 27. Qxd4 exd4 28. Rfd1 Rfd8 29. f3 {
Panagopoulos,T-Niemela,I/Dubrovnik 1950/MCD/1/2-1/2  ( 56 )}  )15. Rfd1 Rfd8
16. dxc5 Nxc5 17. b4 Na4 18. Nxa4 bxa4 19. a3 a5 20. Ne5 Rxd1+ 21. Rxd1 axb4
22. Bxf6 Bxf6 23. Nd7 Qc6 24. Nxf6+ gxf6 25. Qg4+ Kh8 26. Qh3 Kg7 27. Qg4+ {
1/2-1/2 Urbanec,K-Fichtl,J/Prague 1943/HCL}  )( 13. Bxf6 Bxf6 14. a4 ( 14. Ne4
cxd4 15. Nxf6+ Nxf6 16. Nxd4 Bb7 17. Be2 Qa5 18. a3 Rac8 19. Nb3 Qb6 20. Qd4
Qxd4 21. exd4 Bd5 22. Nc5 Rc6 23. b4 Rd8 24. f3 Rcd6 25. Rfd1 Kf8 26. Kf2 Ng8
27. Ne4 R6d7 28. Nc5 Rd6 { Lilienthal,A-Ragozin,V/Moscow 1945/HCL/1/2-1/2  ( 52
)}  )14... cxd4 15. exd4 bxa4 16. Nxa4 Bb7 17. Be2 Rb8 18. Ra1 a5 19. Qd2 Bxf3
20. Bxf3 Rb4 21. Rfd1 Bxd4 22. Qe2 Ne5 23. g3 Qf6 24. Kg2 Rfb8 25. Rd2 g6 26.
Ra2 Rc8 27. Bb7 Rc1 { Rivas Pastor,M  ( 2520 ) -Andersson,U  ( 2605 ) /Debrecen
1992/EU-chT/0-1}  )( 13. Bxf6 $5 { is worthy of consideration}  13... Bxf6 14.
Be4 $14 )13... cxd4 $11 14. Nxd4 { Black has a cramped position. .}  14... Bb7
15. f3 { Covers g4}  15... Qb6 16. Bf2 Bc5 { Black threatens to win material:
Bc5xd4}  17. Nb3 ( 17. Nce2 $5 Qd6 18. a4 $15 )17... Bxf2+ $17 18. Rxf2 Rfd8
19. Qe2 ( 19. Qe1 Ne5 20. Bf1 Rd3 21. Bxd3 Nxd3 $17 )19... Ne5 $17 20. Bb1 Rac8
21. Rd1 Bc6 22. Rxd8+ Rxd8 ( { Not } 22... Qxd8 23. Nd1 $15 )23. a3 a5 24. Kh1
( 24. Nd2 $5 b4 25. Nd1 Bb5 $19 )24... b4 $19 25. axb4 axb4 26. Na2 Bb5 27. Qe1
Bc4 ( 27... Rd1 $142 28. Qxd1 Qxf2 29. Qd8+ Kh7 $19 )28. Nbc1 $4 { leading to a
quick end}  ( 28. Nac1 $17)28... Nc6 { White has a cramped position. White's
piece can't move: a2}  ( 28... Rd1 $1 $142 { and the result of the game is
clear: Black will win}  29. Qxd1 Qxf2 $19 )29. Rd2 $17 e5 30. Rxd8+ ( 30. b3
Ba6 $15 )30... Qxd8 $17 ( { Weaker is } 30... Nxd8 31. Nxb4 Nd7 32. Ncd3 $14
)31. b3 Ba6 32. Bc2 Qb6 ( 32... Qd4 33. Bd1 $17 )33. Nd3 { The pressure on the
isolated pawn grows}  33... Bxd3 34. Bxd3 Nd7 35. Bc4 Ndb8 ( 35... Qa5 $5 {
must be considered}  36. Qd2 Nb6 $15 )36. h3 $14 Kf8 37. Qd2 Qd4 38. Qxd4 exd4
{ A minor pieces endgame occured}  39. Nc1 ( 39. Kg1 Ke7 $14 )39... f6 ( 39...
Na5 40. Bb5 $11 )40. Nd3 Ke7 ( 40... Nd7 41. f4 $11 )41. Nf4 ( 41. f4 $5 $14 {
should be examined more closely} )41... Nd7 $15 42. Nd5+ Kd6 43. f4 $4 ( 43.
Bb5 $5 $15 $142 { must definitely be considered} )43... Kc5 $4 { weakening the
position}  ( 43... Nc5 $142 { secures the point}  44. Kg1 Nxe4 $19 )44. Nc7 $17
g5 45. g3 Na5 46. Ne6+ $2 ( 46. Na6+ $142 Kd6 47. Nxb4 Nxc4 48. bxc4 $17 )46...
Kd6 $19 47. Nxd4 Nxc4 48. bxc4 Kc5 49. Nb3+ Kxc4 50. Nc1 ( 50. Na5+ { is one
last hope}  50... Kb5 51. Nb3 gxf4 52. gxf4 $19 )50... b3 51. Nxb3 Kxb3 52. Kg2
Kc4 53. Kf3 h5 54. g4 ( 54. Ke3 $19 { there is nothing else anyway} )54... h4
55. Ke3 Kc3 ( 55... Ne5 56. fxe5 fxe5 57. Kf3 $19 )56. e5 gxf4+ 57. Kxf4 fxe5+
58. Ke4 Kc4 ( 58... Kd2 $142 { secures victory}  59. g5 Nf8 $19 )59. g5 Kc5 60.
g6 Kd6 61. Kf5 Ke7 62. Kg5 Nf8 63. g7 Ne6+ 64. Kf5 ( 64. Kxh4 Nxg7 65. Kg4 $19
)64... Nxg7+ 65. Kxe5 Kf7 66. Kf4 Kg6 67. Kg4 Nf5 68. Kf4 Nh6 69. Kf3 ( 69. Ke4
$19 { no good, but what else?} )69... Kf5 ( 69... Kg5 { and Black can already
relax}  70. Ke4 Nf7 71. Kd5 $19 )70. Ke3 Nf7 71. Kf3 Ng5+ 72. Kg2 Kf4 73. Kh2
Kf3 74. Kg1 Kg3 75. Kh1 Kxh3 76. Kg1 Ne4 ( 76... Kg3 $19 $142 { seems even
better} )77. Kh1 Kg3 78. Kg1 h3 79. Kh1 ( 79. Kf1 { hardly improves anything} 
79... h2 80. Ke2 h1=Q 81. Ke3 Qe1+ 82. Kd4 Kf4 83. Kc4 Qa5 84. Kb3 Ke3 85. Kb2
Nd2 86. Kc1 Qa2 87. Kd1 Qb1# )79... Nf2+ 80. Kg1 h2+ ( 80... h2+ 81. Kf1 h1=Q+
82. Ke2 Qd1+ 83. Ke3 Qd3# ) 0-1

[Event "Lidums Checkmate Op"]
[Site "Adelaide"]
[Date "2007.07.08"]
[Round "5.1"]
[White "Rogers, Ian"]
[Black "Antic, Dejan"]
[Result "1-0"]
[Annotator "Fritz 10"]
[BlackElo "2471"]
[EventCountry "AUS"]
[EventDate "2007.07.07"]
[EventRounds "7"]
[EventType "swiss"]
[PlyCount "74"]
[WhiteElo "2624"]

{ E41: Nimzo-Indian: Rubinstein: 4...c5 5 Bd3, including Hübner Variation } 1.
d4 Nf6 2. c4 e6 3. Nc3 Bb4 4. e3 c5 5. Bd3 Nc6 6. Ne2 cxd4 7. exd4 d5 8. cxd5
exd5 9. O-O O-O 10. Bg5 ( 10. Bc2 Bg4 11. Qd3 Bh5 12. Nf4 Bg6 13. Nxg6 hxg6 14.
Bg5 Bd6 15. Qd2 Bc7 16. Bxf6 gxf6 17. Bb3 Ne7 18. Rfe1 Kg7 19. Qe2 Nc6 20. Rad1
Qd6 21. g3 Ba5 22. Qb5 Rfd8 23. Qxb7 Bxc3 24. bxc3 Rab8 { Kuzubov,Y-Zatonskih,A
 ( 2413 ) /St Petersburg 2002/CBM 086 ext/1/2-1/2  ( 31 )}  )10... Be7 ( 10...
Bd7 11. Qb3 Be6 12. Rad1 h6 13. Bh4 Qd7 14. Bb1 g5 15. Bg3 Nh5 16. Qc2 f5 17.
Be5 Rad8 18. a3 Be7 19. Rfe1 Bf6 20. Bxf6 Rxf6 21. f4 Rg6 22. fxg5 Rxg5 23. Qd2
Qg7 24. Ng3 Nxg3 25. hxg3 { Lein,A  ( 2490 ) -Browne,W  ( 2585 ) /Chicago
1982/MCL/1-0  ( 66 )}  )11. a3 $146 { Controls b4}  ( 11. Re1 Bg4 12. Bc2 Re8
13. f3 Be6 14. Nf4 Qb6 15. Nxe6 fxe6 16. Rxe6 Qxd4+ 17. Kh1 Ng4 18. Qxd4 Nxd4
19. Bxh7+ Kxh7 20. Rxe7 Nf2+ 21. Kg1 Nh3+ 22. gxh3 Nxf3+ 23. Kg2 Nxg5 24. Rxe8
Rxe8 25. Rd1 Ne4 { Christiansen,L  ( 2560 ) -Browne,W  ( 2485 ) /Estes Park
1986/CBM 003/1/2-1/2  ( 47 )}  )( 11. Rc1 Bg4 12. f3 Bh5 13. Bc2 Ne8 14. Bxe7
Nxe7 15. Nf4 Nf6 16. Re1 Bg6 17. Bb3 a6 18. Qd2 Qd6 19. Re5 Nc6 20. Re2 Na5 21.
Bxd5 Nxd5 22. Ncxd5 Nc6 23. Qc3 Rad8 24. Qc5 Bf5 25. Qxd6 Rxd6 { Ornstein,A  (
2440 ) -Engqvist,T  ( 2380 ) /Stockholm 1996/CBM 053/1/2-1/2}  )( 11. Bc2 Bg4
12. f3 Be6 13. Qd2 Qd7 14. g4 Rad8 15. Rad1 h5 16. h3 hxg4 17. fxg4 Ne4 18.
Bxe4 dxe4 19. d5 Bxg4 20. dxc6 Qxc6 21. Qf4 Rxd1 22. Rxd1 Bxe2 23. Bxe7 Qg6+
24. Kf2 Bxd1 25. Bxf8 Bf3 { Ornstein,A  ( 2410 ) -Silman,J  ( 2345 ) /New York
1987/CBM 002/1/2-1/2  ( 31 )}  )11... Be6 12. Re1 h6 { Black threatens to win
material: h6xg5}  13. Bh4 Qd7 14. Na4 Bf5 15. Nc5 Bxc5 16. dxc5 Bxd3 17. Qxd3 {
Black has a new passed pawn: d5}  17... Ne4 18. b4 Qg4 19. Bg3 Nxg3 20. Nxg3 (
20. fxg3 $6 Qc4 21. Nf4 Qxd3 22. Nxd3 Rfe8 $11 )20... d4 ( 20... Qc4 21. Qd2
$16 )21. h3 ( 21. Nf5 b6 22. b5 Nd8 $18 )21... Qg6 22. Qxg6 fxg6 23. Ne4 b5 (
23... Rad8 24. Nd6 b6 25. Rab1 $16 )24. Nd6 a6 25. Rad1 Ra7 ( 25... g5 26. Re6
$16 )26. Re4 ( 26. Kf1 a5 27. Nxb5 Raf7 $18 )26... g5 ( 26... Rc7 27. Rde1 $16
)27. Rde1 Rd7 28. f3 ( 28. Kf1 a5 29. a4 bxa4 $18 )28... Rf6 ( 28... a5 $5 29.
bxa5 Ra7 $16 )29. Re8+ $18 Kh7 30. Kf2 a5 31. Rc8 ( 31. Nxb5 $6 axb4 32. axb4
Nxb4 $11 )31... Rfxd6 32. cxd6 Rxd6 33. bxa5 Nxa5 34. Rc5 Nc4 35. Rxb5 Nxa3 36.
Rc5 d3 ( 36... Rb6 37. Rc7 $16 )37. Rd1 $18 Nc2  1-0